Memorias de los encuentros institucionales regionales para el fortalecimiento de la gestión ambiental, social y predial en el desarrollo de proyectos de infraestructura del Instituto Nacional de Vías - Invias (Registro nro. 8682)
[ vista simple ]
| 000 -CABECERA | |
|---|---|
| Campo de control | 01177nam a22002417a 4500 |
| 005 - FECHA Y HORA DE LA ULTIMA TRANSACCION | |
| Campo de control | 20150115095333.0 |
| 008 - ELEMENTOS DE LONGITUD FIJA—INFORMACION GENERAL | |
| Campo de control | 140912b2014 ck |||||r||||o00| 0 spa d |
| 020 ## - ISBN | |
| ISBN | 9789585826908 |
| 040 ## - FUENTE DE CATALOGACIÓN | |
| Agencia catalogadora original | CO-BoIAVH |
| Agencia transcriptora | CO-BoIAVH |
| 041 ## - IDIOMA | |
| Código de idioma para texto/pista de sonido o título separado | Español |
| 044 ## - PAÍS DE PUBLICACIÓN | |
| País de publicación | Colombia |
| 082 04 - NUMERO DE CLASIFICACION DECIMAL DEWEY | |
| Número de clasificación | 363.70561 |
| Número del ítem | I62m |
| 110 2# - ASIENTO PRINCIPAL--NOMBRE CORPORATIVO | |
| Nombre corporativo o de jurisdicción como elemento de entrada | Colombia |
| Unidad subordinad | Instituto Nacional de Vías - Invias |
| 245 10 - MENCION DE TITULO | |
| Título | Memorias de los encuentros institucionales regionales para el fortalecimiento de la gestión ambiental, social y predial en el desarrollo de proyectos de infraestructura del Instituto Nacional de Vías - Invias |
| 260 ## - PUBLICACION, DISTRIBUCION, ETC. (PIE DE IMPRENTA) | |
| Lugar de publicación, distribución, etc. | Bogotá : |
| Nombre del editor, distribuidor, etc. | Ministerio de Transporte, |
| -- | Instituto Nacional de Vías - Invias, |
| Fecha de publicación, distribución, etc. | 2014. |
| 300 ## - DESCRIPCION FISICA | |
| Extensión | 167 p. |
| Otros detalles físicos | il. |
| Dimensiones | 24 cm. |
| 505 ## - NOTA DE CONTENIDO | |
| Nota de contenido | Parte 1. Aporte del Invías en la construcción de infraestructura vial sostenible (dimensiones ambiental, social y predial) (pag. 12) |
| 505 ## - NOTA DE CONTENIDO | |
| Nota de contenido | Parte 2. Visión externa como aporte para la gestión ambiental, social y predial del Invías (pag. 127) |
| 650 #6 - ASIENTO SECUNDARIO DE MATERIA - TERMINO TEMATICO | |
| Término temático o nombre geográfico como elemento de entrada | Gestión ambiental |
| Subdivisión geográfica | Colombia |
| 650 #6 - ASIENTO SECUNDARIO DE MATERIA - TERMINO TEMATICO | |
| Término temático o nombre geográfico como elemento de entrada | Protección del medio ambiente |
| Subdivisión geográfica | Colombia |
| 650 #6 - ASIENTO SECUNDARIO DE MATERIA - TERMINO TEMATICO | |
| Término temático o nombre geográfico como elemento de entrada | Proyectos de infraestructura |
| 942 ## - ELEMENTOS ADICIONALES (KOHA) | |
| Sistema de clasificación | Dewey Decimal Classification |
| Tipo de ítem | Libro |
| Withdrawn status | Lost status | Sistema de Clasificación | Damaged status | No para préstamo | Colección | Inventariado | Ubicación Permanente | Ubicación actual | Fecha de adquisición | Fuente de Valor | Valor | Total Checkouts | Número topográfico | Inventario / Código de Barras | Date last seen | Ejemplar | Price effective from | Forma de adquisición | Tipo de material |
|---|---|---|---|---|---|---|---|---|---|---|---|---|---|---|---|---|---|---|---|
| Dewey Decimal Classification | General | Inventariado 2017 | Bogotá | Bogotá | 12/09/2014 | Instituto | 39000.00 | LB-363.70561 I62m | 038355 | 12/09/2014 | Ej. 1 | 12/09/2014 | Libro | ||||||
| Dewey Decimal Classification | General | Inventariado 2017 | Sala Fabio Quevedo | Sala Fabio Quevedo | 12/09/2014 | Instituto | 39000.00 | LB-363.70561 I62m | 038368 | 12/09/2014 | Ej. 2 | 12/09/2014 | Libro |